000
00260nam a22001217a 4500
008
171130b xxu||||| |||| 00| 0 eng d
041
_a
eng
080
_a
32
100
_a
19
101
_a
POL
245
_a
PRESIDENTS ABOVE PARTY
_c
KETCHAM,R
942
_2
udc
_c
BK
999
_c
38637
_d
38637